[Event "Geneve YM-Masters"]
[Site "Geneve"]
[Date "2010.08.13"]
[Round "6"]
[White "Bertola, Numa"]
[Black "Hajnal, Zoltan"]
[Result "0-1"]
[WhiteElo "2017"]
[BlackElo "2397"]
[PlyCount "58"]
[EventDate "2010.08.07"]
[EventType "schev"]
[EventRounds "10"]
[EventCountry "SUI"]
[SourceTitle "CBM 138 Extra"]
[Source "ChessBase"]
[SourceDate "2010.10.29"]
[SourceVersion "1"]
[SourceVersionDate "2010.10.29"]
[SourceQuality "1"]

1. e4 e5 2. Nf3 Nc6 3. Bb5 a6 4. Ba4 Nf6 5. 0-0 Be7 6. d3 b5 7. Bb3 d6 8. a4 b4 9. Nbd2 0-0 10. h3 Na5 11. Ba2 Be6 12. Bxe6 fxe6 13. c3 Rb8 14. d4 bxc3 15. bxc3 exd4 16. cxd4 d5 17. Ng5 Qd7 18. e5 Ne4 19. Ngxe4 dxe4 20. Nxe4 Nb3 21. Rb1 Nxd4 22. Bg5 Rbd8 23. Qg4 Bxg5 24. Nxg5 Rf4 25. Qd1 Qe7 26. Qh5 h6 27. Nf3 Nxf3+ 28. gxf3 Rf5 29. Qg4 Rg5 0-1

[Event "Geneve op 26th"]
[Site "Geneve"]
[Date "2009.12.27"]
[Round "3"]
[White "Bertola, Numa"]
[Black "Okhotnik, Vladimir"]
[Result "0-1"]
[WhiteElo "2041"]
[BlackElo "2463"]
[PlyCount "54"]
[EventDate "2009.12.26"]
[EventType "swiss"]
[EventRounds "7"]
[EventCountry "SUI"]
[SourceTitle "EXT 2011"]
[Source "ChessBase"]
[SourceDate "2010.11.26"]
[SourceVersion "1"]
[SourceVersionDate "2010.11.26"]
[SourceQuality "1"]

1. e4 d6 2. d4 Nf6 3. Nc3 e5 4. Nf3 Nbd7 5. Be2 Be7 6. 0-0 0-0 7. h3 c6 8. Be3 b5 9. a3 a6 10. Nd2 Bb7 11. f4 exd4 12. Bxd4 c5 13. Bxf6 Bxf6 14. Bf3 c4 15. Rb1 Bxc3 16. bxc3 Nc5 17. Re1 Re8 18. e5 dxe5 19. Bxb7 Nxb7 20. Nxc4 exf4 21. Rxe8+ Qxe8 22. Qf3 Rb8 23. a4 Qc8 24. Nd2 Qf5 25. axb5 axb5 26. Rb4 g5 27. c4 Qc5+ 0-1

[Event "SUI-ch"]
[Site "Graechen"]
[Date "2009.07.09"]
[Round "1"]
[White "Bertola, Numa"]
[Black "Georgiadis, Nico"]
[Result "1-0"]
[WhiteElo "2021"]
[BlackElo "2085"]
[PlyCount "39"]
[EventDate "2009.07.09"]
[EventType "swiss"]
[EventRounds "9"]
[EventCountry "SUI"]
[SourceTitle "CBM 131 Extra"]
[Source "ChessBase"]
[SourceDate "2009.09.03"]
[SourceVersion "2"]
[SourceVersionDate "2009.09.16"]
[SourceQuality "1"]

1. e4 e6 2. d4 d5 3. Nc3 Bb4 4. e5 c5 5. a3 Ba5 6. Nf3 cxd4 7. Nxd4 Bxc3+ 8. bxc3 Ne7 9. f4 0-0 10. Bd3 Nbc6 11. 0-0 Qc7 12. Kh1 a6 13. a4 Re8 14. Ba3 Na5 15. Bd6 Qxc3 16. Rf3 Qb2 17. Rb1 Qa2 18. Bxh7+ Kf8 19. Ra3 Qc4 20. Rb4 1-0

[Event "Lausanne op"]
[Site "Lausanne"]
[Date "2007.09.16"]
[Round "4"]
[White "Wyss, Jonas"]
[Black "Bertola, Numa"]
[Result "1-0"]
[WhiteElo "2162"]
[BlackElo "1941"]
[PlyCount "111"]
[EventDate "2007.09.14"]
[EventType "swiss"]
[EventRounds "7"]
[EventCountry "SUI"]
[SourceTitle "CBM 120 Extra"]
[Source "ChessBase"]
[SourceDate "2007.11.01"]
[SourceVersion "1"]
[SourceVersionDate "2007.11.01"]
[SourceQuality "1"]

1. e4 c5 2. Nf3 d6 3. d4 cxd4 4. Nxd4 Nf6 5. Nc3 a6 6. Bg5 e6 7. f4 Qb6 8. Qd2 Qxb2 9. Nb3 Qa3 10. Bxf6 gxf6 11. Be2 Nc6 12. 0-0 h5 13. f5 Be7 14. Kh1 Bd7 15. Rf4 h4 16. Nb1 Qb4 17. Qe3 Bd8 18. e5 Qb6 19. Qxb6 Bxb6 20. fxe6 Bxe6 21. exd6 Kd7 22. N1d2 Kxd6 23. Rxf6 Ke7 24. Raf1 Ne5 25. Ne4 Rac8 26. c3 Nd7 27. R6f4 Be3 28. R4f3 Bh6 29. Nd4 Ne5 30. Nf5+ Kd7 31. R3f2 Rc6 32. Rb1 Kc7 33. a4 Bf8 34. a5 Bc5 35. Nd4 Bxd4 36. cxd4 Nc4 37. Bxc4 Rxc4 38. Nc5 Bd5 39. Nxb7 Rxd4 40. Nc5 Rh6 41. Rc2 Kd8 42. Rb8+ Ke7 43. h3 Rd1+ 44. Kh2 Ra1 45. Re2+ Kf6 46. Nd7+ Kg7 47. Ree8 Rg6 48. Rg8+ Kh6 49. Rh8+ Kg5 50. Rb4 Kf5 51. Rh5+ Rg5 52. Rbxh4 Rxh5 53. Rxh5+ Ke6 54. Nc5+ Kd6 55. Nxa6 Ra2 56. Rxd5+ 1-0

[Event "SUI-ch op"]
[Site "Leukerbad"]
[Date "2007.07.16"]
[Round "5"]
[White "Bertola, Numa"]
[Black "Lumsdon, Andrew"]
[Result "0-1"]
[WhiteElo "1941"]
[BlackElo "2049"]
[PlyCount "72"]
[EventDate "2007.07.12"]
[EventType "swiss"]
[EventRounds "9"]
[EventCountry "SUI"]
[SourceTitle "CBM 119 Extra"]
[Source "ChessBase"]
[SourceDate "2007.09.04"]
[SourceVersion "1"]
[SourceVersionDate "2007.09.04"]
[SourceQuality "1"]

1. e4 c6 2. d4 d5 3. Nd2 dxe4 4. Nxe4 Nf6 5. Nxf6+ gxf6 6. Nf3 Bg4 7. c3 Qc7 8. g3 Nd7 9. Bg2 0-0-0 10. Be3 Kb8 11. 0-0 e5 12. Qc2 h5 13. Nh4 Be7 14. b4 Nb6 15. a4 Nd5 16. b5 Nxe3 17. fxe3 c5 18. d5 c4 19. e4 Rdg8 20. Qd2 f5 21. Nxf5 Bxf5 22. Rxf5 h4 23. gxh4 Rxh4 24. Raf1 Rhg4 25. Rxf7 Rxg2+ 26. Qxg2 Rxg2+ 27. Kxg2 Qd6 28. Rg7 Qh6 29. Rff7 Qd2+ 30. Rf2 Qe3 31. Rf3 Qe2+ 32. Rf2 Qxe4+ 33. Kf1 Qd3+ 34. Re2 Qd1+ 35. Kf2 Bh4+ 36. Ke3 Qd3# 0-1

[Event "Zuerich op-B 30th"]
[Site "Zuerich"]
[Date "2006.12.26"]
[Round "2"]
[White "Norgauer, Michael"]
[Black "Bertola, Numa"]
[Result "0-1"]
[WhiteElo "1939"]
[BlackElo "1785"]
[PlyCount "72"]
[EventDate "2006.12.26"]
[EventType "swiss"]
[EventRounds "7"]
[EventCountry "SUI"]
[SourceTitle "CBM 116 Extra"]
[Source "ChessBase"]
[SourceDate "2007.03.07"]
[SourceVersion "1"]
[SourceVersionDate "2007.03.07"]
[SourceQuality "1"]

1. c4 Nf6 2. g3 e6 3. Bg2 c5 4. Nf3 Nc6 5. 0-0 Be7 6. Nc3 d5 7. cxd5 Nxd5 8. Nxd5 exd5 9. d4 0-0 10. Be3 c4 11. b3 b5 12. a4 b4 13. bxc4 dxc4 14. Nd2 Qd7 15. Nxc4 Rb8 16. d5 Nd8 17. Bf4 Rb7 18. d6 Bf6 19. Bxb7 Bxa1 20. Bxc8 Qxc8 21. Qd3 Bf6 22. d7 Qc6 23. a5 Ne6 24. Rd1 Rd8 25. Be3 Nf8 26. Qb3 Rxd7 27. Rxd7 Qxd7 28. Qxb4 Qd1+ 29. Kg2 Qxe2 30. Bxa7 Qe4+ 31. Kg1 Be7 32. Qc3 Qb1+ 33. Kg2 Qb7+ 34. f3 Qxa7 35. Nb6 Bd8 36. Nc8 Qxa5 0-1